| 000 | 00767nam a22001577a 4500 | ||
|---|---|---|---|
| 003 | OSt | ||
| 005 | 20151006142900.0 | ||
| 008 | 151006b xxu||||| |||| 00| 0 eng d | ||
| 040 | _cRUA | ||
| 082 | _aAVM NAK 2000 B072 Or.1 | ||
| 100 |
_92170 _aNAK,. PECHSAVTEY. |
||
| 245 | _aProvision of veterinary service through village livestock agent Stung Sen and Santuk districts of Kampong Thom province, ប្រព័ន្ធផ្តល់សេវាកម្ម បសុព្យាបាលតាមរយៈពេទ្យសត្វភូមិ នៅស្រុកស្ទឹងសែន និងស្រុកសន្ទុក ខេត្តកំពង់ធំ | ||
| 260 |
_aPhnom Penh _bRUA _c2000 |
||
| 300 |
_avii; 36p. _bill. _c29cm. |
||
| 942 |
_2ddc _cAVM |
||
| 999 |
_c2042 _d2042 |
||